Постановление Политбюро ЦК ВКП(б) "О приглашении зарубежных ученых на празднование 220-летия Академии наук СССР"

RUSMARC
00004643cbm0a2200313#x 450
0017d6da1d7-c804-452f-8da7-9805a9a3d5ab
00520250506151559.0
100##$a20250506j19450505k###0rusy50 ca
1010#$arus
102##$aRU
105##$ay###z########
1220#$ad19450505##
2001#$aПостановление Политбюро ЦК ВКП(б) "О приглашении зарубежных ученых на празднование 220-летия Академии наук СССР"
$j5 мая 1945 г.
251##$cДокумент
300##$aПодлинник
461#0$12001
$aФ. 17
$1251
$cФонд
$1852
$j17
462#0$12001
$aОп. 163
$1251
$cОпись
$1852
$j163
462#0$12001
$aД. 1446
$vЛ. 53
$1251
$cДело
$1852
$j1446
60102$2nlr_sh1
$3RU\NLR\AUTH\6621445
$aАкадемия наук СССР
$xГодовщины
$z1945
$jДокументы и материалы
605##$2prlib_sh
$3LIBNET\UAF\0000088514
$aВторая мировая война в архивных документах (Комплекс оцифрованных архивных документов, кино- и фотоматериалов)
$lколлекция
605##$2acquisition_Prlib
$3DITM\AF\0000002775
$aВласть
$lколлекция
605##$2acquisition_Prlib
$3DITM\AF\0000003834
$aНарод
$lколлекция
686##$a63.3(2)622-3ю1
$vLBC/M
$2rubbk
686##$a72.471.1(2)м8ю1
$vLBC/M
$2rubbk
801#0$aRU
$bПБ им. Б.Н. Ельцина
$c20250506
801#1$aRU
$bПБ им. Б.Н. Ельцина
$c20250506
$2rusmarc
801#2$aRU
$bПБ им. Б.Н. Ельцина
$c20250506
$2rusmarc
850##$aРоссийский государственный архив социально-политической истории
852##$aРГАСПИ
$jЛ. 53
035##$aLIBNET\0001471924
937##$d196714070
$hФедеральное архивное агентство
8564#$uhttp://readingroom.main.prlib.ru/item.aspx?id_node=n196714070&mode=full
Формат отображения